Responses for show #69 - Thursday, December 13, 1984

Ric Moser game 5.

Contestants

[<< previous game]

Ed Sample, an insurance salesman originally from El Paso, Texas

Faryl Reingold, an administrative assistant originally from Denver, Colorado

Ric Moser, a printing broker from Raymore, Missouri (whose 4-day cash winnings total $30,000)

[next game >>]

Jeopardy! Round responses

ANIMALS
TELEVISION
POTENT POTABLES
AMERICAN REVOLUTION
MAGAZINES
STARTS WITH "A"
    $100 2
James Garner

Ric
    $100 16
beer

Ric
    $100 1
the Redcoats

Ed
    $100 11
Newsweek

Ed
    $100 21
an acre

Ed
    $200 5
Gomer Pyle

Ed
    $200 17
(Ric: Who is...)

St. Patrick

Ric
Triple Stumper
    $500 3
(Ric: A flute. What is a flute?)

the drum

Ric
    $200 12
(Ed: What is the, uh, New York Daily News?)

New York Times

RicEd
    $200 22
an alibi

Ric
    $300 6
(Faryl: Uh, who is, uh, uh, Major Bowes?)

Arthur Godfrey

FarylEd
    $300 18
(Alex: We've got less than a minute to go in this round.)

the Gallos

Ric
    $300 4
(Ed: What is "Yankee Doodle Dandy"?)

"Yankee Doodle"

Ed
Triple Stumper
    $300 13
(Ric: What is Baby?)

Parents magazine

RicEd
    $300 23
[The end-of-round signal sounds.]

accentuate

Ric
    $400 7
Kate Jackson, Farrah Fawcett & Jaclyn Smith

Ric
    $400 19
Coors

Ric
    $400 8
Cornwallis

Ric
    $400 14
MAD magazine

Faryl
    $500 10
Edward R. Murrow

Ric
    $500 20
(Ed: What is, uh, Molson?)

Seagram's

FarylEd
    $500 9
(Ed: What is France and Canada?)
(Ric: What are France and Poland?)

France & Spain

RicEd
Triple Stumper
    $500 15
(Faryl: Oh, what is Playboy?)

Penthouse

RicFaryl

Scores at the first commercial break (after clue 7):

Ric Faryl Ed
$0 -$300 $300

Scores at the end of the Jeopardy! Round:

Ric Faryl Ed
$1,900 $100 -$400

Double Jeopardy! Round responses

CIVIL RIGHTS
MUSIC
BUSINESS & INDUSTRY
WOMEN IN SPORTS
THE BODY
CHEMISTRY
    $200 5
Martin Luther King Jr.

Ed
    $200 1
the Danube

Ed
    $200 10
(Ric: What is Kansas City [*] cards?)

Hallmark

Ric
    $200 16
(Ed: Who is Olga Korbut?)

Nadia Comaneci

RicEd
    $200 21
arms

Ed
    $400 6
the Gray Panthers

Ric
    $400 2
Stradivarius

Ed
    $400 11
Nabisco

Ric
    $400 17
Billie Jean King

Ric
    $400 22
smell

Ed
    $600 7
the American Civil Liberties Union (the ACLU)

Ric
    $1,000 3
the Gregorian chant

Ed
    $600 12
U.S. Steel

Ric
    $600 18
(Alex: You got 'em all in there; you missed her first name, Mildred.)
[Laughter]

Babe Didrikson Zaharias

Ric
    $600 23
[The end-of-round signal sounds.]

PBS

Ed
    $800 8
the E.R.A. (the Equal Rights Amendment)

Faryl
    $800 4
(Faryl: What is a spoon?)

your drums

RicFaryl
    $800 13
Random House

Faryl
    $800 19
(Alex: We've got less than a minute left in the round.)

volleyball

Ed
    $1000 9
Amnesty International

Ric
    $1000 14
(Ed: What is, uh, piccata?)
(Faryl: Um, what is rondissimo?)

Adagio

FarylEd
Triple Stumper
    $1000 15
Bechtel

Faryl
    $1000 20
(Ed: Who is, uh, Mary Decker?)

Evelyn Ashford

Ed
Triple Stumper

Scores at the end of the Double Jeopardy! Round:

Ric Faryl Ed
$7,100 $900 $1,200
(lock game)

[wagering suggestions for these scores]

Final Jeopardy! Round responses

DANCE
(Alex: [To Faryl] I went to medical school; I can read that kind of writing.)
[Laughter]
...
(Alex: [To Ed] Your writing is almost as bad as Faryl's.)
[Laughter]
FarylWho is Isadora Duncan?
$898
EdWho is Isadora Duncan?
$601
RicWho was Isadora Duncan?
$2,100
Isadora Duncan

Final scores:

Ric Faryl Ed
$9,200 $1,798 $1,801
5-day champion: $39,200 3rd place: Helbros watches 2nd place: Helix portable stereo component system & Speed Queen washer & dryer

Game dynamics:

Coryat scores:

Ric Faryl Ed
$7,600 $900 $800
21 R,
4 W
(including 1 DD)
5 R,
4 W
14 R
(including 2 DDs),
7 W

Combined Coryat: $9,300

The J! Archive is created by fans, for fans. The Jeopardy! game show and all elements thereof, including but not limited to copyright and trademark thereto, are the property of Jeopardy Productions, Inc. and are protected under law. This website is not affiliated with, sponsored by, or operated by Jeopardy Productions, Inc. Join the discussion at JBoard.tv.